| 000 | 00433cam a2200193 4500 | ||
|---|---|---|---|
| 001 | D13461 | ||
| 008 | 090401t1971 xxu||||| |||| 00| 0 eng d | ||
| 035 | _a(Sirsi) u94438 | ||
| 041 | _aeng | ||
| 100 | _aMoeran, E. | ||
| 245 | _aPractical conveyancing | ||
| 250 | _a5th | ||
| 260 |
_bOyez Publications _c1971 |
||
| 350 | _a0 | ||
| 490 |
_aOyez Practice Notes _v44 |
||
| 520 | _aShelf 132 | ||
| 942 | _n0 | ||
| 948 | _c04/03/1997 | ||
| 999 |
_c98037 _d98037 |
||